Peňažný trh a výkon menovej politiky v roku 2002

Výkon menovej politiky v priebehu roka 2002. Vývoj likvidity na trhu. Jednotlivé formy menových nástrojov a ich podiely: REPO tendre, emisie pokladničných poukážov NBS, jednodňové facility. Vývoj sadzieb peňažného trhu. Ďalší rozvoj peňažného trhu.

Gespeichert in:
Bibliographische Detailangaben
1. Verfasser: Andresič, Peter
Format: Buchkapitel
Sprache:Slowakisch
Schlagworte:
Tags: Tag hinzufügen
Keine Tags, Fügen Sie das erste Tag hinzu!

MARC

LEADER 00000naa a2200000 4500
001 r049206
005 20220729111015.7
041 0 |a slo 
044 |a SK 
245 1 0 |a Peňažný trh a výkon menovej politiky v roku 2002  |c Peter Andresič 
520 |a Výkon menovej politiky v priebehu roka 2002. Vývoj likvidity na trhu. Jednotlivé formy menových nástrojov a ich podiely: REPO tendre, emisie pokladničných poukážov NBS, jednodňové facility. Vývoj sadzieb peňažného trhu. Ďalší rozvoj peňažného trhu. 
610 2 0 |a politika menová 
610 2 0 |a trh peňažný 
610 2 0 |a nástroje politiky menovej 
610 2 0 |a likvidita 
610 2 0 |a repo obchody 
610 2 0 |a poukážky pokladničné 
610 2 0 |a 2002 
100 1 |a Andresič, Peter